000 02115nam a2200277Ia 4500
003 OSt
005 20210128163538.0
008 191128s1946 mx fr 001 0 spa d
040 _aCO-JMCR
_cCO-JMCR
041 1 _aspa
_heng
082 0 4 _a330 /
_bM261p
_223
100 1 _aMalthus, Thomas Robert,
_eautor
_94626
245 1 0 _aPrincipios de economía política /
_bThomas Robert Malthus ; introducción J.M. Keynes ; traducción Javier Márquez
250 _aPrimera edición
260 _aMéxico :
_bFondo de Cultura Económica,
_c1946
300 _axl, 385 páginas ;
_c20 cm.
490 0 _aLas obras maestras de la economía
500 _aIncluye índice analítico y notas a pie de página.
505 0 _aDe las definiciones de riqueza y trabajo productivo -- De la naturaleza, causas y medidas del valor -- De la renta de la tierra -- De los salarios del trabajo -- De las utilidades del capital -- Del progreso de la riqueza
520 3 _aMalthus no es sólo el ensayo sobre la población, aunque la posteridad "vulgarizadora en el tiempo" insista en ello. De algún modo así ocurre con casi todos los pensamientos renovadores: se fijan para la mentalidad más general (y la de no pocos especialistas)como una sola imagen, rígida e inconmovible. Tal ha sucedido con Malthus. Estos principios de economía política refutan aquella imagen parcial. Pues Malthus es uno de los fundadores de la ciencia económica, tal y como la conocemos en nuestros días: así lo afirma John Maynard Keynes en la introducción de esta obra. De Malthus y Keynes la ciencia de la economía traza su derrotero fundamental precisamente antes que nuestra modernidad irrumpa en la historia con toda su bullente complejidad tecnológica y su abstruso sistema de relaciones internacionales. Malthus y Keynes, cuyos perfiles intelectuales se juntan aquí, en esta obra clásica resumen la economía liberal y sus postulados.
546 _aTraducido del inglés
650 1 4 _aEconomía política
_91838
700 1 _aKeynes, J. M.,
_eintroducción
_94627
700 1 _aMárquez, Javier,
_etraductor
_94628
942 _2ddc
_cBK
999 _c3948
_d3948